Cena v kupních smlouvách
Exportná cenová politika. Cenotvorba a výška cien u exportérov. Spôsoby zjednávania ceny.
Salvato in:
| Autore principale: | |
|---|---|
| Natura: | Capitolo di libro |
| Lingua: | ceco |
| Soggetti: | |
| Tags: |
Nessun Tag, puoi essere il primo ad aggiungerne!!
|
MARC
| LEADER | 00000naa a2200000 4500 | ||
|---|---|---|---|
| 001 | r036813 | ||
| 005 | 20230908092541.6 | ||
| 041 | 0 | |a cze | |
| 044 | |a CZ | ||
| 245 | 1 | 0 | |a Cena v kupních smlouvách |c Eva Černohlávková |
| 520 | |a Exportná cenová politika. Cenotvorba a výška cien u exportérov. Spôsoby zjednávania ceny. | ||
| 610 | 2 | 0 | |a vývoz |
| 610 | 2 | 0 | |a tvorba cien |
| 610 | 2 | 0 | |a zmluvy kúpne |
| 610 | 2 | 0 | |a ceny vývozné |
| 610 | 2 | 0 | |a kontrakty |
| 610 | 2 | 0 | |a zmluvy kontraktačné |
| 100 | 1 | |a Černohlávková, Eva | |